| 000 | 00570nam a2200181 a 4500 | ||
|---|---|---|---|
| 001 | 000027810 | ||
| 005 | 20240502105558.0 | ||
| 008 | 110405s1986 dr a 000 0 spa d | ||
| 040 |
_aDO-SdBNP _bspa _cBNPHU |
||
| 082 |
_axxxx _bD542 |
||
| 100 | 1 |
_aDíaz Grullón, Virgilio, _d1924-2001 _9501 |
|
| 245 | 1 | 3 |
_aEl escritor ante su obra / _cVirgilio Díaz Grullón. |
| 260 |
_aSanto Domingo : _bImpresos Isla, _c1986. |
||
| 300 |
_a92 p. : _bil. ; _c16 cm. |
||
| 490 | 1 |
_aAntología de nuetra voz _vno. 26 |
|
| 830 | 0 |
_aAntología de nuetra voz _vno. 26 _954882 |
|
| 049 | _aBNPD | ||
| 999 |
_c27302 _d27302 |
||